000
00288nam a22001217a 4500
008
140110t xxu||||| |||| 00| 0 eng d
020
_a
0-07-022773-X
100
_a
Michael W. Gamble
_9
619
245
_a
Introducing Mass Communication
250
_a
2nd Ed.
300
_a
160
942
_2
ddc
_c
BK
999
_c
16881
_d
16881